| 000 | 00591nam a2200193Ii 4500 | ||
|---|---|---|---|
| 003 | JO-AjNU | ||
| 008 | 230605s9999||||xx |||||||||||||| ||und|| | ||
| 040 |
_aJO-AjNU _bara _erda _cJO-AjNU |
||
| 041 | _aara | ||
| 050 | 1 | 4 | _aJC421.H8764.1995 |
| 100 | 3 |
_aعايش ، حسني, _eauthor _913632 |
|
| 245 | 0 | 0 | _aالبقاء في عالم متغير |
| 250 | _aط1 | ||
| 264 | 3 | 1 | _aبيروت : المؤسسة العربية للدراسات والنشر ،1995 |
| 300 | _a298ص | ||
| 336 |
_atext _btxt _2rdacontent |
||
| 337 |
_aunmediated _bn _2rdamedia |
||
| 338 |
_avolume _bnc _2rdacarrier |
||
| 999 |
_aA3444 _c7012 _d7012 |
||